000 00218nam a22000977a 4500
100 _aChandralekha, K.
245 _aRubberinoppam koonum
260 _bRubber, 685(June): 22-24.
_c2023
700 _aAsha John
942 _cJS
999 _c75017
_d75017